| 000 | 00735nam a2200217 a 4500 | ||
|---|---|---|---|
| 001 | 1837825 | ||
| 003 | AM-YEHGA | ||
| 005 | 20250617164826.0 | ||
| 008 | 220603s2022 ai a||||r|||||||||1|arm|d | ||
| 020 | _a9789939704487 | ||
| 040 | _aAM-YeHGA | ||
| 041 | 0 | _aarm | |
| 100 | 1 | _aԽառատյան, Հովսեփ | |
| 245 | 1 | 0 |
_aԴեպի ապագա ։ _b[Բանաստեղծություններ] / _cՀ․ Խառատյան ; [Սրբագրիչ՝ Վ․ Կիրակոսյան]․ |
| 260 |
_aԵրևան : _b«Վան Արյան», _c2022․ |
||
| 300 |
_a94 էջ ։ _bնկ. ; _c19 սմ․ |
||
| 650 | 1 | 4 | _aՀայ պոեզիա |
| 700 | 1 |
_aԿիրակոսյան, Վազգանուշ _eսրբագրիչ _4crr |
|
| 942 |
_2udc _cBK |
||
| 090 | _c568709 | ||
| 999 |
_c530152 _d530152 |
||